- Peris, Carme
Entry Nombre Personal
001 - NUMERO DE CONTROL
- campo de control: 51221
003 - IDENTIFICADOR DE NUMERO DE CONTROL
- campo de control: DLC
005 - FECHA Y HORA DE LA ÜLTIMA TRANSACCIÓN
- campo de control: 20240227092617.0
008 - DATOS DE LONGITUD FIJA
- campo de control de longitud fija: 850822n| acannaab| |a aaa |||
010 ## - NÚMERO DE CONTROL DE LA BIBLIOTECA DEL CONGRESO
- Número de control LC: n 85197939
035 ## - NUMERO DE CONTROL
- Número de control: (OCoLC)oca01417636
040 ## - FUENTE DE CATALOGACIÓN
- Agencia original de catalogación: DLC
- Lenguaje de catalogación: spa
- Agencia de transcripción: DLC
- Agencia que lo modifica: DLC
- Agencia que lo modifica: OCl
- Agencia que lo modifica: MX-MxUPN
100 1# - ENCABEZAMIENTO - NOMBRE PERSONAL
- Nombre personal: Peris, Carme
400 10 - VEÁSE - NOMBRE DE PERSONA
- Personal name: Peris, C.
- Fuller form of name: (Carme)
400 10 - VEÁSE - NOMBRE DE PERSONA
- Personal name: Peris, Carmen
670 ## - FUENTE EN LA QUE SE LOCALIZARON DATOS
- Cita de la fuente: Franklin, P. The snail who flew, c1983, 1985 printing:
- Información localizada: portada (Carme Peris) colophon (born in Barcelona, Spain, where she attended art school; graphic artist, illustrator of children's books)
670 ## - FUENTE EN LA QUE SE LOCALIZARON DATOS
- Cita de la fuente: Sánchez Sánchez, I. The orchard, 1991:
- Información localizada: portada (C. Peris)
670 ## - FUENTE EN LA QUE SE LOCALIZARON DATOS
- Cita de la fuente: Las aventuras de Tom Sawyer, c1993:
- Información localizada: p. 2 de la cubierta (Carmen Peris)
670 ## - FUENTE EN LA QUE SE LOCALIZARON DATOS
- Cita de la fuente: ¡No quiero bañarme!, 2005:
- Información localizada: portada (Came Peris)
902 ## - CATALOGADOR
- Catalogador: Víctor Ruiz/270224
